Influence of Carboxylic Acids on Mechanical Properties of Thermoplastic Starch by Spray Drying / (Record no. 534479)

000 -LEADER
fixed length control field 00620nam a22001697a 4500
020 ## - INTERNATIONAL STANDARD BOOK NUMBER
Qualifying information Hard Cover.
082 ## - DEWEY DECIMAL CLASSIFICATION NUMBER
Classification number 200
100 ## - MAIN ENTRY--PERSONAL NAME
Personal name Bahram Khan.
245 ## - TITLE STATEMENT
Title Influence of Carboxylic Acids on Mechanical Properties of Thermoplastic Starch by Spray Drying /
Statement of responsibility, etc. Bahram Khan.
260 ## - PUBLICATION, DISTRIBUTION, ETC.
Place of publication, distribution, etc. Islamabad :
Name of publisher, distributor, etc. SCME - NUST,
Date of publication, distribution, etc. 2015.
300 ## - PHYSICAL DESCRIPTION
Extent xv, 64 p. : ill. ;
Dimensions 30cm.
650 ## - SUBJECT ADDED ENTRY--TOPICAL TERM
Topical term or geographic name entry element MS-Chemical Engineering
700 ## - ADDED ENTRY--PERSONAL NAME
Personal name Sipervisor: Dr. Muhammad Bilal Khan Niazi.
856 ## - Uniform Resource Identifier
Uniform Resource Identifier <a href="http://10.250.8.41:8080/xmlui/handle/123456789/21684">http://10.250.8.41:8080/xmlui/handle/123456789/21684</a>
942 ## - ADDED ENTRY ELEMENTS (KOHA)
Source of classification or shelving scheme
Koha item type Soft Copy
650 ## - SUBJECT ADDED ENTRY--TOPICAL TERM
-- 129140
700 ## - ADDED ENTRY--PERSONAL NAME
-- 129504
Holdings
Withdrawn status Lost status Source of classification or shelving scheme Damaged status Not for loan Permanent Location Current Location Shelving location Date acquired Full call number Barcode Date last seen Price effective from Koha item type
          Central Library (CL) Central Library (CL) Thesis 02/26/2020 200 CL-T-5187 02/26/2020 02/26/2020 Soft Copy
© 2023 Central Library, National University of Sciences and Technology. All Rights Reserved.